Metalwork theory for G.C.E. and C.S.E. (Record no. 82877)

MARC details
000 -LEADER
fixed length control field 00620nam a2200157 a 4500
008 - FIXED-LENGTH DATA ELEMENTS--GENERAL INFORMATION
fixed length control field 120416s1974 xx |||||||||||||| || u
050 ## - LIBRARY OF CONGRESS CALL NUMBER
Classification number TS 205 Gre
100 ## - MAIN ENTRY--PERSONAL NAME
Personal name Green, J. N
245 10 - TITLE STATEMENT
Title Metalwork theory for G.C.E. and C.S.E.
250 ## - EDITION STATEMENT
Edition statement 3rd ed.
260 ## - PUBLICATION, DISTRIBUTION, ETC.
Date of publication, distribution, etc. 1974
300 ## - PHYSICAL DESCRIPTION
Extent 88p. : ill
350 ## -
-- 0.00
995 ## -
-- BINDERY (DAMAGED)
-- 0.00
-- 715175
-- CBU-MAIN LIBRARY (Kitwe)
-- 1
-- 2.10
-- TS 205 Gre
-- 2
-- WEEDED
-- 715175
-- Main Library Open Access Collection
995 ## -
-- MAIN LIBRARY OPEN ACCESS
-- 0.00
-- 716315
-- CBU-MAIN LIBRARY (Kitwe)
-- 2
-- 2.10
-- TS 205 Gre
-- 1
-- WEEDED
-- 025632
-- Main Library Open Access Collection
999 ## -
-- 82877
-- 82877
Holdings
Withdrawn status Lost status Source of classification or shelving scheme Damaged status Not for loan Permanent Location Current Location Shelving location Date acquired Total Checkouts Full call number Barcode Date last seen Copy number Price effective from Koha item type
          CBU-MAIN LIBRARY, KITWE. CBU-MAIN LIBRARY, KITWE.   09/29/2023   TS 205 Gre 715175 09/29/2023 1 09/29/2023 MONOGRAPH
          CBU-MAIN LIBRARY, KITWE. CBU-MAIN LIBRARY, KITWE.   09/29/2023   TS 205 Gre 025632 09/29/2023 2 09/29/2023 MONOGRAPH